| 000 | 01961nam a2200517 i 4500 | ||
|---|---|---|---|
| 001 | 55633 | ||
| 003 | KOSZ 005 | ||
| 005 | 20210601150136.0 | ||
| 008 | 110620s2008 pl f f |000 0 eng | ||
| 015 | _aUWD 2012/3250 | ||
| 020 | _a9788360968024 | ||
| 035 | _a991006374499705066 | ||
| 035 | _a(PL-WaBN)b26338221-48omnis_nlop | ||
| 035 | _ab26338221 | ||
| 035 | _a(OCoLC)297548599 | ||
| 035 | _axx001172041 | ||
| 035 | _a(PL)b0000002633822 | ||
| 035 | _a(EXLNZ-48OMNIS_NETWORK)9910168003805606 | ||
| 040 |
_aWA N _cWA N _dKOSZ 005/HR |
||
| 041 | 1 |
_aeng _apol _heng |
|
| 046 | _k2008 | ||
| 080 | _a(075.8) | ||
| 080 | _a528 | ||
| 100 | 1 |
_aHycner, Ryszard _d(1943- ) _eAutor |
|
| 245 | 1 | 0 |
_aGeodesy, surveying and professional ethics : _ba selection of source texts with translation for students, lecturers and surveyors = Geodezja, geodezyjne pomiary szczegółowe i etyka zawodowa : wybrane teksty źródłowe wraz z tłumaczeniem dla studentów, wykładowców i wykonawców / _cRyszard Hycner, Marta Dobrowolska-Wesołowska. |
| 246 | 3 | 1 | _aGeodezja, geodezyjne pomiary szczegółowe i etyka zawodowa |
| 260 |
_aKatowice : _bWydawnictwo Gall, _c2008. |
||
| 300 |
_a232 s. ; _c25 cm. |
||
| 336 |
_aTekst _btxt _2rdacontent |
||
| 337 |
_aBez urządzenia pośredniczącego _bn _2rdamedia |
||
| 338 |
_aWolumin _bnc _2rdacarrier |
||
| 380 | _aKsiążki | ||
| 380 | _aPublikacje dydaktyczne | ||
| 385 |
_mPoziom nauczania _aSzkoły wyższe |
||
| 388 | _a2001- | ||
| 504 | _aBibliogr. s. 226. | ||
| 546 | _aTekst równol. ang., pol. | ||
| 650 | 7 |
_aGeodezja _2DBN |
|
| 655 | 7 |
_aPodręczniki akademickie _2DBN |
|
| 658 | _aGeografia i nauki o Ziemi | ||
| 700 | 1 |
_aDobrowolska-Wesołowska, Marta _eAutor |
|
| 710 | 2 |
_aWydawnictwo Gall _4pbl |
|
| 856 |
_uhttp://koha.tu.koszalin.pl/cgi-bin/koha/opac-detail.pl?biblionumber=55633 _yKatalog online BPK |
||
| 942 |
_2UKD _cKS |
||
| 999 |
_c55633 _d55633 |
||